Využitie jazyka R pri tvorbe prezentačných máp bakalárska práca

Uložené v:
Podrobná bibliografia
Hlavný autor: Masár, Ján
Korporativný autor: Fakulta hospodárskej informatiky EU. Katedra matematiky a aktuárstva
Ďalší autori: Páleš, Michal, 1984-
Médium: Kniha
Jazyk:Slovak
Vydavateľské údaje: Bratislava 2017
Tagy: Pridať tag
Žiadne tagy, Buďte prvý, kto otaguje tento záznam!

MARC

LEADER 00000nbm a2200000 4500
001 0233093
005 20171005140547.5
041 0 |a slo 
044 |a SK 
245 1 0 |a Využitie jazyka R pri tvorbe prezentačných máp  |b bakalárska práca  |c Ján Masár ; školiteľ: Michal Páleš 
264 1 |a Bratislava  |c 2017 
300 |a 81 s. 
100 1 |a Masár, Ján 
700 1 |a Páleš, Michal, 1984- 
710 2 |a Fakulta hospodárskej informatiky EU. Katedra matematiky a aktuárstva